000 00806nam a2200253 a 4500
001 BRCA_8309
005 20190320210224.0
008 230614s1954----it-a###f##---#000-0#eng-#
041 _aengita
044 _ait
050 4 _aND813.G7
_b.S6 1954
100 1 _aSoria, Martín S.
_912006
245 1 0 _aGreco´s Italian period
_bstratto da arte Veneta
_cMartín S. Soria
260 _aVenezia
_bArte Veneta
_c1954
300 _app. 213-221
_bil.
_c31 cm.
500 _aS135
546 _atexto en: inglés e italiano
600 1 4 _aTheotocopoulos, Domenicos
_cllamado El Greco
_d1541?-1614
_920743
650 1 4 _aPintores españoles
_vPeriodo italiano
_920744
650 1 4 _aPinturas españolas
_vCatálogo
_920745
650 1 4 _aRenacimiento
_vPintura
_ySiglos XV y XVI
_920746
902 _aGFM
942 _2lcc
_cB
999 _c7977
_d7977